| 000 | 00903cam a2200229 4500 | ||
|---|---|---|---|
| 001 | WB3711-33 | ||
| 008 | 000000n2001 000 0 eng u | ||
| 035 | _a(Sirsi) u111408 | ||
| 245 | _aMoD property arm | ||
| 260 | _c2001 | ||
| 490 |
_aProperty Week _v66(10) 9 March 2001, 5(1) |
||
| 520 | _aDefence Estates, the MoD property and construction arm, plans to dramatically cut the number of surveying firms used across its 230,000ha estate. In a move to improve efficiency, Defence Estates will adopt 'Prime Consulting', where firms will have to provide agency, valuation, planning and transportation work on a one-stop shop basis. | ||
| 590 | _aWB | ||
| 650 | _aSURVEYING FIRMS | ||
| 650 | _aMINISTRY OF DEFENCE | ||
| 650 | _aDEFENCE ESTATES | ||
| 650 | _aONE STOP SHOP | ||
| 650 | _aPRIME CONSULTING | ||
| 650 | _aESTATE MANAGEMENT | ||
| 690 |
_aPROPERTY MANAGEMENT _96262 |
||
| 942 | _n0 | ||
| 999 |
_c66378 _d66378 |
||